000 00565nam a2200181Ia 4500
003 GCL
008 140319s9999 xx 000 0 ara d
040 _aGCL /
_cGCL
082 0 4 _a613.28
_bر م
100 1 _aالرازى ، الطيب ابو بكر حسين
245 1 0 _aمنافع الاغذية ودفع مضارها /
_cالرازى ، الطيب ابو بكر حسين
300 _a365 ص
490 _a
650 0 4 _aالطب العربى
650 0 4 _aالعلوم عند العرب
650 0 4 _aالحضارة الاسلامية
942 _2ddc
_cBK
999 _c44681
_d44681